LEADER 01033cam0-2200349---450- 001 990004659090403321 005 20110131143057.0 010 $a88-85156-03-7 035 $a000465909 035 $aFED01000465909 035 $a(Aleph)000465909FED01 035 $a000465909 100 $a19990604d1990----km-y0itay50------ba 101 0 $aita 102 $aIT 105 $ay-------001yy 200 1 $aAutore & lettori$eletture della Commedia e saggi sugli interpreti di Dante$fRaffaele Giglio 210 $aMassa Lubrense$cIl Sorriso di Erasmo$d1990 215 $a292 p.$d20 cm 225 1 $aScriptorum$ebibliotechina di saggi e testi$v1 610 0 $aAlighieri, Dante$aDivina Commedia 676 $a851.1 700 1$aGiglio,$bRaffaele$f<1947- >$0164868 801 0$aIT$bUNINA$c20050418$gRICA$2UNIMARC 901 $aBK 912 $a990004659090403321 952 $a851.1 DANTE/S 249$fFLFBC 952 $aF.Russo Dante/s 45$fBAT 959 $aFLFBC 959 $aBAT 996 $aAutore & lettori$9553195 997 $aUNINA LEADER 01070nam0-2200337---450- 001 990009617090403321 005 20120907095619.0 010 $a8878089060 035 $a000961709 035 $aFED01000961709 035 $a(Aleph)000961709FED01 035 $a000961709 100 $a20120907d1995----km-y0itay50------ba 101 0 $aita 105 $a--------001yy 200 1 $a<>Parchi e le Alpi$estoria, vocazioni, destini e contraddizioni delle aree protette alpine$fCentro di ecologia alpina, Coordinamento nazionale parchi$ga cura di Michela Zucca e Furio Chiaretta 210 $aTorino$cVivalda$dstampa 1995 215 $a151 p.$cill.$d21 cm 610 0 $aParchi naturali$aAlpi 676 $a719 702 1$aZucca,$bMichela 702 1$aChiaretta,$bFurio 710 02$aCentro di ecologia alpina$0517486 711 02$aCoordinamento nazionale parchi$0517487 801 0$aIT$bUNINA$gRICA$2UNIMARC 901 $aBK 912 $a990009617090403321 952 $a59.1-8$fDMVBF 959 $aDMVBF 996 $aParchi e le Alpi$9849642 997 $aUNINA